000 00480nam a2200157 a 4500
001 000015508
005 20200929164046.0
008 100211s1936 dr 000 1 spa d
040 _aDO-SdBNP
_bspa
_cBNPHU
082 _axxx
_bJ86c
100 1 _aJoubert, Emilio C.
_935029
245 1 0 _aCosas que fuerón /
_cEmilio C. Joubert.
260 _aCiudad Trujillo, República Dominicana, :
_bImprenta J. R. Viuda Garcia, Sucesores,
_c1936.
300 _a216 p. ;
_c21 cm.
049 _aBNPD
999 _c15064
_d15064